000 00822nab a2200229u 4500
001 12046
003 HDC
007 c| |||a|c|aaaa
008 210208b99990223my ||||o |||| 00| 0 eng d
040 _aHDC
245 0 _aHalal certification bad for business because we can't sell alcohol, Sabah seafood restaurant owners say
336 _atext
_2rdacontent
337 _acomputer
_2rdamedia
338 _aonline resource
_2rdacarrier
650 _aSabah Islamic Religious Affairs Department (JHEAINS)
_912410
650 _aSabah seafood restaurant
_912411
710 _aMSN Malaysia
856 _zRequest full-text at [email protected]
942 _2lcc
942 _cNEWS
942 _kNWS0 000980
999 _c9369
_d9369